[Event "Nova Gorica op-A 19th"]
[Site "Nova Gorica"]
[Date "2014.01.31"]
[Round "1"]
[White "Matijevic, Filip"]
[Black "Kodric, Tilen"]
[Result "1-0"]
[WhiteElo "2164"]
[BlackElo "1683"]
[PlyCount "31"]
[EventDate "2014.01.31"]
[EventType "swiss"]
[EventRounds "9"]
[EventCountry "SLO"]
[SourceTitle "CBM 158 Extra"]
[Source "ChessBase"]
[SourceDate "2014.02.28"]
[SourceVersion "1"]
[SourceVersionDate "2014.02.28"]
[SourceQuality "1"]

1. e4 d6 2. d4 Nf6 3. Nc3 Nbd7 4. g3 e5 5. Nge2 c6 6. a4 g6 7. Bg2 Bg7 8. 0-0 0-0 9. h3 Re8 10. Be3 b6 11. Qd2 Qc7 12. Rad1 Bb7 13. b3 a6 14. g4 b5 15. dxe5 dxe5 16. g5 1-0

[Event "SLO-chT1 West"]
[Site "Ljubljana"]
[Date "2013.10.18"]
[Round "4"]
[White "Matijevic, Filip"]
[Black "Suc, Timothy"]
[Result "0-1"]
[WhiteElo "2136"]
[BlackElo "2143"]
[PlyCount "64"]
[EventDate "2013.09.27"]
[EventType "team-tourn"]
[EventRounds "9"]
[EventCountry "SLO"]
[SourceTitle "EXT 2019"]
[Source "ChessBase"]
[SourceDate "2018.10.10"]
[SourceVersion "1"]
[SourceVersionDate "2018.10.10"]
[SourceQuality "1"]
[WhiteTeam "Val Koper"]
[BlackTeam "Piran"]
[WhiteTeamCountry "SLO"]
[BlackTeamCountry "SLO"]

1. e4 c5 2. d3 d5 3. exd5 Qxd5 4. Nc3 Qd7 5. Nf3 Nc6 6. a4 Nf6 7. g3 b6 8. Bg2 Bb7 9. 0-0 e6 10. Bf4 Be7 11. Re1 0-0 12. Ne5 Nxe5 13. Bxe5 Bxg2 14. Kxg2 Rfd8 15. Qf3 Ne8 16. Ne4 f6 17. Bc3 e5 18. Nd2 Nc7 19. Nc4 Bf8 20. Qb7 Rab8 21. Qf3 Nd5 22. Bd2 a6 23. a5 b5 24. Nb6 Qf7 25. Re2 Nc7 26. b3 Ne6 27. Bc3 Ng5 28. Qe3 Qb7+ 29. f3 c4 30. dxc4 Bc5 31. Qxg5 fxg5 32. Bxe5 g4 0-1

[Event "SLO-chT1 West"]
[Site "Ljubljana"]
[Date "2013.09.27"]
[Round "1"]
[White "Brcar, Ales"]
[Black "Matijevic, Filip"]
[Result "0-1"]
[WhiteElo "2039"]
[BlackElo "2136"]
[PlyCount "142"]
[EventDate "2013.09.27"]
[EventType "team-tourn"]
[EventRounds "9"]
[EventCountry "SLO"]
[SourceTitle "EXT 2019"]
[Source "ChessBase"]
[SourceDate "2018.10.10"]
[SourceVersion "1"]
[SourceVersionDate "2018.10.10"]
[SourceQuality "1"]
[WhiteTeam "Trebnje BMP"]
[BlackTeam "Val Koper"]
[WhiteTeamCountry "SLO"]
[BlackTeamCountry "SLO"]

1. d4 Nf6 2. c4 g6 3. Nc3 d5 4. Bg5 Ne4 5. Bh4 Nxc3 6. bxc3 dxc4 7. e3 Be6 8. Nf3 Bg7 9. Be2 0-0 10. 0-0 c5 11. Nd2 cxd4 12. cxd4 Nc6 13. Bxc4 Bxc4 14. Nxc4 Rc8 15. Rc1 Qd5 16. Qe2 Qe4 17. d5 Nd4 18. Qd2 Nf5 19. Bg5 Rfd8 20. f3 Qxd5 21. Qxd5 Rxd5 22. e4 Rdc5 23. exf5 Rxc4 24. Rxc4 Rxc4 25. Bxe7 Bd4+ 26. Kh1 gxf5 27. g3 Rc2 28. Rd1 Rc4 29. a3 f6 30. Bb4 b6 31. Re1 a5 32. Re8+ Kf7 33. Re7+ Kg6 34. Bd6 Rc6 35. Rd7 Bc5 36. Be7 Bxe7 37. Rxe7 Rc3 38. Rb7 Rxf3 39. Rxb6 Rxa3 40. Kg2 Ra2+ 41. Kh3 a4 42. Ra6 a3 43. Ra7 h6 44. Ra4 Kf7 45. Ra5 Ke6 46. Ra6+ Ke5 47. Ra5+ Ke4 48. Ra6 h5 49. Re6+ Kd4 50. Ra6 Kc3 51. Ra8 Kb3 52. Rb8+ Kc2 53. Ra8 Ra1 54. Kh4 Rh1 55. h3 Kb2 56. Rb8+ Ka1 57. Rb5 a2 58. Rb6 Rh2 59. Rb5 f4 60. gxf4 Rb2 61. Rxh5 Kb1 62. Ra5 a1Q 63. Rxa1+ Kxa1 64. Kh5 Rg2 65. Kh4 Rb2 66. Kg4 Kb1 67. Kh5 Ka1 68. Kh4 Kb1 69. Kh5 Rb4 70. Kg6 Rb2 71. Kh5 Rg2 0-1

[Event "Trieste op 15th"]
[Site "Trieste"]
[Date "2013.09.07"]
[Round "9"]
[White "Bruno, Fabio"]
[Black "Matijevic, Filip"]
[Result "0-1"]
[WhiteElo "2421"]
[BlackElo "2136"]
[PlyCount "98"]
[EventDate "2013.08.31"]
[EventType "swiss"]
[EventRounds "9"]
[EventCountry "ITA"]
[SourceTitle "CBM 156 Extra"]
[Source "ChessBase"]
[SourceDate "2013.10.22"]
[SourceVersion "1"]
[SourceVersionDate "2013.10.22"]
[SourceQuality "1"]

1. d4 Nf6 2. Nf3 g6 3. Bg5 Bg7 4. Nbd2 0-0 5. c3 d6 6. e4 Nbd7 7. Bc4 h6 8. Bh4 e5 9. 0-0 Qe8 10. Re1 Nh5 11. Bg3 Qe7 12. dxe5 dxe5 13. b4 Nf4 14. Qc2 Re8 15. Rad1 a5 16. a3 Nb6 17. Bb3 axb4 18. axb4 c5 19. b5 Be6 20. Bxf4 exf4 21. Bd5 c4 22. Bxe6 Qxe6 23. Nd4 Qe7 24. h3 Qc5 25. N2f3 Ra3 26. Ra1 Rea8 27. Rxa3 Qxa3 28. Qd2 Na4 29. e5 Qxc3 30. Qxf4 Nc5 31. Kh2 Nd3 32. Qe3 Bxe5+ 33. Nxe5 Qxe1 34. Nxc4 Qxf2 35. Qxd3 Qf4+ 36. Qg3 Qxd4 37. Ne5 Qd6 38. Qf4 f6 39. Nxg6 Qxf4+ 40. Nxf4 Ra5 41. Nd5 Rxb5 42. Nxf6+ Kg7 43. Ne8+ Kg6 44. Nd6 Rb1 45. Kg3 b5 46. Kf2 b4 47. Nc4 Rc1 48. Nd2 Rc3 49. Ke2 b3 0-1

[Event "Trieste op 15th"]
[Site "Trieste"]
[Date "2013.08.31"]
[Round "1"]
[White "Oparin, Grigoriy"]
[Black "Matijevic, Filip"]
[Result "1-0"]
[WhiteElo "2504"]
[BlackElo "2136"]
[PlyCount "55"]
[EventDate "2013.08.31"]
[EventType "swiss"]
[EventRounds "9"]
[EventCountry "ITA"]
[SourceTitle "CBM 156 Extra"]
[Source "ChessBase"]
[SourceDate "2013.10.22"]
[SourceVersion "1"]
[SourceVersionDate "2013.10.22"]
[SourceQuality "1"]

1. e4 e5 2. Nf3 Nc6 3. Bb5 Nf6 4. d3 d6 5. 0-0 Be7 6. c3 0-0 7. Re1 Bd7 8. Ba4 Re8 9. Nbd2 Bf8 10. h3 h6 11. d4 g6 12. Bc2 Bg7 13. Nf1 Nh5 14. Be3 Qe7 15. Qd2 Kh7 16. Rad1 b6 17. dxe5 Nxe5 18. Nxe5 Qxe5 19. f4 Qe7 20. e5 Bb5 21. g4 Nxf4 22. Bxf4 dxe5 23. Bg3 Rad8 24. Qf2 Rxd1 25. Rxd1 e4 26. Ne3 c6 27. Rd6 Rc8 28. Nf5 1-0

[Event "SLO-ch U18"]
[Site "Murska Sobota"]
[Date "2013.02.27"]
[Round "6"]
[White "Nikl Hutinski, Emanuel"]
[Black "Matijevic, Filip"]
[Result "0-1"]
[WhiteElo "1567"]
[BlackElo "2147"]
[PlyCount "98"]
[EventDate "2013.02.23"]
[EventType "swiss"]
[EventRounds "7"]
[EventCountry "SLO"]
[SourceTitle "EXT 2022"]
[Source "ChessBase"]
[SourceDate "2021.10.06"]
[SourceVersion "1"]
[SourceVersionDate "2021.10.06"]
[SourceQuality "1"]

1. e4 e5 2. Nf3 Nc6 3. Bb5 a6 4. Bxc6 dxc6 5. d3 Bd6 6. 0-0 f6 7. Be3 Ne7 8. h3 0-0 9. Nc3 c5 10. Ne2 Ng6 11. c3 Re8 12. Qc2 b6 13. Ng3 Bb7 14. Nf5 Bf8 15. Rad1 Qc8 16. Qb3+ Qe6 17. Qxe6+ Rxe6 18. b3 Rd8 19. c4 Nh8 20. Nh2 g6 21. Nh6+ Bxh6 22. Bxh6 Nf7 23. Bc1 Red6 24. f3 h5 25. Rf2 Rxd3 26. Rfd2 R3d4 27. Kf2 Kf8 28. Ke3 Ke7 29. Bb2 R4d6 30. Ba3 Ng5 31. b4 cxb4 32. Bxb4 c5 33. Bc3 Ne6 34. Rxd6 Rxd6 35. Rxd6 Kxd6 36. g3 Nd4 37. f4 b5 38. cxb5 axb5 39. fxe5+ fxe5 40. g4 Bc8 41. gxh5 gxh5 42. h4 b4 43. Bb2 Be6 44. Nf1 Bxa2 45. Ng3 Bf7 46. Ne2 Nxe2 47. Kxe2 c4 48. Ba1 Bg6 49. Ke3 c3 0-1

[Event "SLO-ch U18"]
[Site "Murska Sobota"]
[Date "2013.02.24"]
[Round "2"]
[White "Matijevic, Filip"]
[Black "Mejak, Severin"]
[Result "0-1"]
[WhiteElo "2147"]
[BlackElo "2090"]
[PlyCount "58"]
[EventDate "2013.02.23"]
[EventType "swiss"]
[EventRounds "7"]
[EventCountry "SLO"]
[SourceTitle "EXT 2022"]
[Source "ChessBase"]
[SourceDate "2021.10.06"]
[SourceVersion "1"]
[SourceVersionDate "2021.10.06"]
[SourceQuality "1"]

1. e4 e6 2. d4 d5 3. Nc3 Bb4 4. exd5 exd5 5. Bd3 Nf6 6. a3 Be7 7. Nge2 0-0 8. 0-0 Re8 9. h3 Nbd7 10. Ng3 Nf8 11. Nce2 Ng6 12. f4 c6 13. f5 Nf8 14. Nf4 Qb6 15. c3 c5 16. dxc5 Bxc5+ 17. Kh1 h6 18. Bc2 Bd7 19. b4 Bd6 20. Bb3 Bc6 21. a4 a6 22. Qd3 Rad8 23. Bd2 N8d7 24. Rae1 Ne5 25. Qc2 Nc4 26. Bxc4 dxc4 27. Nfh5 Nxh5 28. Nxh5 Rxe1 29. Bxe1 Qe3 0-1

[Event "Nova Gorica op-A 18th"]
[Site "Nova Gorica"]
[Date "2013.01.28"]
[Round "6"]
[White "Matijevic, Filip"]
[Black "Bellia, Fabrizio"]
[Result "1/2-1/2"]
[WhiteElo "2147"]
[BlackElo "2448"]
[PlyCount "185"]
[EventDate "2013.01.25"]
[EventType "swiss"]
[EventRounds "9"]
[EventCountry "SLO"]
[SourceTitle "CBM 152 Extra"]
[Source "ChessBase"]
[SourceDate "2013.02.25"]
[SourceVersion "1"]
[SourceVersionDate "2013.02.25"]
[SourceQuality "1"]

1. e4 e5 2. Nf3 Nc6 3. Bc4 Nf6 4. d3 Bc5 5. c3 a6 6. Bb3 Ba7 7. Nbd2 0-0 8. h3 d6 9. Nf1 d5 10. Qe2 dxe4 11. dxe4 Qe7 12. Ng3 Be6 13. 0-0 Rad8 14. Be3 Bxb3 15. axb3 Qe6 16. b4 Bxe3 17. Qxe3 Rd7 18. Rfd1 Rfd8 19. Qe2 g6 20. Rxd7 Nxd7 21. Nf1 Nf6 22. N1d2 Nh5 23. Qc4 Nf4 24. Qxe6 Nxe6 25. g3 Ng5 26. Kg2 Nxf3 27. Nxf3 Rd3 28. Re1 f6 29. Re3 Rxe3 30. fxe3 Kf7 31. Kf2 Ke6 32. Ke2 a5 33. bxa5 Nxa5 34. Nd2 c5 35. Kd3 b5 36. b3 Kd6 37. Kc2 c4 38. b4 Nb7 39. Kd1 Ke6 40. Ke2 Nd6 41. Kf3 Nc8 42. Nb1 h5 43. Kf2 Nd6 44. Kf3 Nf7 45. h4 g5 46. Nd2 g4+ 47. Kf2 Nd6 48. Ke2 Kd7 49. Kf2 Kc8 50. Ke2 Kb8 51. Kf2 Ka8 52. Ke2 Ka7 53. Kf2 Kb6 54. Ke2 Kc7 55. Kf2 Kd8 56. Ke2 Ke7 57. Kf2 Kf8 58. Ke2 Kg7 59. Kf2 Kh8 60. Ke2 Kh7 61. Kf2 Kg8 62. Ke2 Kf7 63. Kf2 Ke6 64. Ke2 f5 65. Kf2 fxe4 66. Ke2 Kd5 67. Kf2 Nc8 68. Nb1 Nb6 69. Ke2 Na4 70. Kd2 Kd6 71. Na3 Kc6 72. Nb1 Nb6 73. Ke2 Nd5 74. Kf2 Ne7 75. Kg2 Nc8 76. Kf2 Na7 77. Ke2 Kd6 78. Kd2 Nc8 79. Ke2 Nb6 80. Kd2 Na4 81. Kc2 Kc6 82. Nd2 Kd5 83. Nb1 Nb6 84. Kd2 Kc6 85. Kc2 Nc8 86. Nd2 Nd6 87. Nf1 Nf5 88. Kd2 Kd6 89. Ke2 Ne7 90. Kd2 Ke6 91. Kc2 Nd5 92. Kd2 Kf5 93. Kc2 1/2-1/2

[Event "Nova Gorica op-A 18th"]
[Site "Nova Gorica"]
[Date "2013.01.27"]
[Round "4"]
[White "Pirs, Matjaz1111"]
[Black "Matijevic, Filip"]
[Result "0-1"]
[WhiteElo "2053"]
[BlackElo "2147"]
[PlyCount "70"]
[EventDate "2013.01.25"]
[EventType "swiss"]
[EventRounds "9"]
[EventCountry "SLO"]
[SourceTitle "CBM 152 Extra"]
[Source "ChessBase"]
[SourceDate "2013.02.25"]
[SourceVersion "1"]
[SourceVersionDate "2013.02.25"]
[SourceQuality "1"]

1. e4 e5 2. Nc3 Nf6 3. Nf3 Nc6 4. d4 exd4 5. Nxd4 Bb4 6. Nxc6 bxc6 7. Bd3 d5 8. exd5 cxd5 9. 0-0 0-0 10. Bg5 c6 11. Qf3 Be7 12. h3 Be6 13. Ne2 Nd7 14. Bxe7 Qxe7 15. Ng3 g6 16. Rfe1 Qf6 17. Qxf6 Nxf6 18. f4 Rfe8 19. c3 Bd7 20. Kf2 Kf8 21. Kf3 Rxe1 22. Rxe1 c5 23. Re5 Bc6 24. Nf1 Rb8 25. b3 c4 26. Bc2 d4+ 27. Kf2 d3 28. Bd1 Ne4+ 29. Ke3 Nxc3 30. Bf3 Bxf3 31. gxf3 cxb3 32. axb3 Rxb3 33. Kxd3 Nb5+ 34. Kc4 Rxf3 35. Ne3 Nc7 0-1

[Event "Porec op 12th"]
[Site "Porec"]
[Date "2012.12.08"]
[Round "5"]
[White "Curko, Djanino"]
[Black "Matijevic, Filip"]
[Result "0-1"]
[WhiteElo "1463"]
[BlackElo "2164"]
[PlyCount "72"]
[EventDate "2012.12.06"]
[EventType "swiss"]
[EventRounds "7"]
[EventCountry "CRO"]
[SourceTitle "CBM 151 Extra"]
[Source "ChessBase"]
[SourceDate "2012.12.18"]
[SourceVersion "1"]
[SourceVersionDate "2012.12.18"]
[SourceQuality "1"]

1. e4 e5 2. Nf3 Nc6 3. Nc3 Nf6 4. Be2 Bc5 5. 0-0 d6 6. Na4 Nxe4 7. d3 Nf6 8. Nxc5 dxc5 9. Bg5 0-0 10. Nd2 h6 11. Bh4 g5 12. Bg3 Re8 13. Bf3 Nd4 14. Re1 Nd7 15. c3 Nf5 16. Nc4 Qf6 17. Ne3 c6 18. Nxf5 Qxf5 19. Bg4 Qf6 20. Qf3 Qxf3 21. Bxf3 f6 22. d4 cxd4 23. cxd4 Kg7 24. dxe5 Nxe5 25. Bxe5 Rxe5 26. Bh5 Bf5 27. Rxe5 fxe5 28. Rd1 g4 29. g3 Kf6 30. Rd6+ Ke7 31. Rxh6 Rd8 32. Bg6 Rd1+ 33. Kg2 Be6 34. Rh7+ Kf6 35. Rh6 Kg7 36. Bc2 Bd5+ 0-1

[Event "Porec op 12th"]
[Site "Porec"]
[Date "2012.12.06"]
[Round "1"]
[White "Slatnar, Janez"]
[Black "Matijevic, Filip"]
[Result "0-1"]
[WhiteElo "1575"]
[BlackElo "2164"]
[PlyCount "90"]
[EventDate "2012.12.06"]
[EventType "swiss"]
[EventRounds "7"]
[EventCountry "CRO"]
[SourceTitle "CBM 151 Extra"]
[Source "ChessBase"]
[SourceDate "2012.12.18"]
[SourceVersion "1"]
[SourceVersionDate "2012.12.18"]
[SourceQuality "1"]

1. e4 e5 2. Nf3 Nc6 3. d4 exd4 4. Nxd4 Bc5 5. Nxc6 Qf6 6. Qe2 bxc6 7. Nc3 Ne7 8. g3 d6 9. Bg2 Ba6 10. Qf3 Qg6 11. Na4 Bd4 12. c3 Bb6 13. Nxb6 axb6 14. h4 h5 15. Bf1 Bb7 16. Bd3 c5 17. 0-0 0-0 18. Qe3 Rae8 19. Qg5 f6 20. Qd2 Nc6 21. Qf4 Ne5 22. Bb1 Qg4 23. f3 Qh3 24. Rf2 Ng6 25. Qf5 Qxg3+ 26. Rg2 Qe1+ 27. Kh2 Nxh4 28. Qh3 Nxg2 29. Qxh5 Qh4+ 30. Qxh4 Nxh4 31. Kg3 Nxf3 32. Bc2 Ne5 33. b3 d5 34. exd5 Bxd5 35. c4 Nxc4 36. bxc4 Bxc4 37. Bg6 Bf7 38. Bc2 Re2 39. Bd3 Rxa2 40. Rb1 Rd8 41. Bf5 Rd1 42. Bg4 Rg1+ 43. Kh3 Rc2 44. Ra1 Rc3+ 45. Kh2 Rxg4 0-1

[Event "Wch U18"]
[Site "Maribor"]
[Date "2012.11.11"]
[Round "4.40"]
[White "Zaporojan, Andrei"]
[Black "Matijevic, Filip"]
[Result "0-1"]
[WhiteElo "1938"]
[BlackElo "2164"]
[PlyCount "64"]
[EventDate "2012.11.08"]
[EventType "swiss"]
[EventRounds "11"]
[EventCountry "SLO"]
[SourceTitle "EXT 2013"]
[Source "ChessBase"]
[SourceDate "2012.11.22"]
[SourceVersion "1"]
[SourceVersionDate "2012.11.22"]
[SourceQuality "1"]

1. d4 Nf6 2. Nf3 g6 3. Bf4 Bg7 4. e3 0-0 5. h3 d6 6. Be2 b6 7. 0-0 Bb7 8. c4 Nbd7 9. Nc3 Qe8 10. a4 a5 11. Qc2 e5 12. Bh2 c6 13. Rac1 Qe7 14. Rfd1 Rad8 15. Nd2 c5 16. dxe5 Nxe5 17. Nb5 d5 18. Bxe5 Qxe5 19. Bf3 Qb8 20. cxd5 Nxd5 21. Nc4 Nb4 22. Qe2 Bxf3 23. Qxf3 Nd3 24. Rc2 Ne5 25. Nxe5 Bxe5 26. b3 Qa8 27. Rxd8 Qxd8 28. Qe2 Qd5 29. Rc4 Rd8 30. Nc3 Qd3 31. Qe1 Qc2 32. Nd5 Qxb3 0-1

[Event "Fiesa op 2nd"]
[Site "Fiesa"]
[Date "2012.10.28"]
[Round "4"]
[White "Matijevic, Filip"]
[Black "Pregarac, Valter"]
[Result "1-0"]
[WhiteElo "2169"]
[BlackElo "2193"]
[PlyCount "75"]
[EventDate "2012.10.26"]
[EventType "swiss"]
[EventRounds "5"]
[EventCountry "SLO"]
[SourceTitle "EXT 2015"]
[Source "ChessBase"]
[SourceDate "2014.11.20"]
[SourceVersion "1"]
[SourceVersionDate "2014.11.20"]
[SourceQuality "1"]

1. e4 e6 2. d4 d5 3. Nc3 Nf6 4. Bg5 Bb4 5. e5 h6 6. Bc1 Ne4 7. Qg4 g6 8. Nge2 c5 9. a3 Ba5 10. dxc5 Nc6 11. b4 Nxe5 12. Qh3 Nxc3 13. Nxc3 Bc7 14. Bb2 f6 15. Rd1 a6 16. f4 Nc6 17. Bd3 Kf7 18. 0-0 Qf8 19. Qh4 Qg7 20. b5 Ne7 21. b6 Bd8 22. Ne2 Bd7 23. Rfe1 Rc8 24. Qf2 Nc6 25. c4 Ne7 26. cxd5 Nxd5 27. f5 gxf5 28. Bxf5 Rxc5 29. Nf4 exf5 30. Nxd5 Rb5 31. Nc7 Bc6 32. Nxb5 axb5 33. Rd3 Bxb6 34. Bd4 Rd8 35. Red1 Be4 36. R3d2 Qg4 37. h3 Qh5 38. Bxb6 1-0

[Event "Fiesa op 2nd"]
[Site "Fiesa"]
[Date "2012.10.26"]
[Round "1"]
[White "Pridigar, Lovro"]
[Black "Matijevic, Filip"]
[Result "0-1"]
[WhiteElo "1557"]
[BlackElo "2169"]
[PlyCount "58"]
[EventDate "2012.10.26"]
[EventType "swiss"]
[EventRounds "5"]
[EventCountry "SLO"]
[SourceTitle "EXT 2015"]
[Source "ChessBase"]
[SourceDate "2014.11.20"]
[SourceVersion "1"]
[SourceVersionDate "2014.11.20"]
[SourceQuality "1"]

1. Nf3 Nf6 2. g3 g6 3. Bg2 Bg7 4. d4 0-0 5. 0-0 d5 6. b3 c6 7. Bb2 Nbd7 8. Nbd2 a5 9. Re1 a4 10. e4 dxe4 11. Nxe4 Nxe4 12. Rxe4 a3 13. Bc1 Nc5 14. Re1 Ne6 15. Be3 Qa5 16. Qc1 c5 17. c3 Rd8 18. Rd1 cxd4 19. Bxd4 Nxd4 20. Nxd4 Bg4 21. Rd3 e5 22. Bxb7 exd4 23. Bxa8 Qxa8 24. Qf4 Bh3 25. f3 dxc3 26. Rxd8+ Qxd8 27. g4 Qd4+ 28. Qxd4 Bxd4+ 29. Kh1 Be3 0-1

[Event "SLO-chT Cup"]
[Site "Ljubljana"]
[Date "2012.09.15"]
[Round "2.41"]
[White "Matijevic, Filip"]
[Black "Hrescak, Ivana"]
[Result "1-0"]
[WhiteElo "2132"]
[BlackElo "1691"]
[PlyCount "51"]
[EventDate "2012.09.14"]
[EventType "team-swiss"]
[EventRounds "5"]
[EventCountry "SLO"]
[SourceTitle "EXT 2015"]
[Source "ChessBase"]
[SourceDate "2014.11.20"]
[SourceVersion "1"]
[SourceVersionDate "2014.11.20"]
[SourceQuality "1"]
[WhiteTeam "Val Koper"]
[BlackTeam "Postojna"]
[WhiteTeamCountry "SLO"]
[BlackTeamCountry "SLO"]

1. Nf3 g6 2. e4 Bg7 3. d4 c6 4. c3 d5 5. e5 f6 6. Bf4 Nh6 7. Bd3 a5 8. 0-0 0-0 9. h3 Na6 10. Re1 Nc7 11. Bh2 Bf5 12. e6 Bxd3 13. Qxd3 Nf5 14. Nbd2 Qc8 15. Re2 Bh8 16. Rae1 a4 17. Nf1 Ng7 18. Bxc7 Qxc7 19. Ng3 Rfd8 20. h4 Qf4 21. c4 dxc4 22. Qxc4 Rd5 23. Qb4 Qc7 24. Ne4 Rb5 25. Qc4 b6 26. Nxf6+ 1-0

[Event "Trieste op 14th"]
[Site "Trieste"]
[Date "2012.09.05"]
[Round "6"]
[White "Matijevic, Filip"]
[Black "Pregarac, Valter"]
[Result "1/2-1/2"]
[WhiteElo "2132"]
[BlackElo "2181"]
[PlyCount "61"]
[EventDate "2012.09.01"]
[EventType "swiss"]
[EventRounds "9"]
[EventCountry "ITA"]
[SourceTitle "CBM 150 Extra"]
[Source "ChessBase"]
[SourceDate "2012.10.19"]
[SourceVersion "1"]
[SourceVersionDate "2012.10.19"]
[SourceQuality "1"]

1. e4 e6 2. d4 d5 3. Nc3 Be7 4. Nf3 Nf6 5. e5 Ne4 6. Bd3 Nxc3 7. bxc3 c5 8. 0-0 Nc6 9. dxc5 Bxc5 10. Re1 h6 11. a4 Bd7 12. Bb5 Na5 13. Bd3 Rc8 14. Nd4 a6 15. Qg4 g6 16. Re3 Qe7 17. Rh3 h5 18. Qg3 Qf8 19. Nf3 Kd8 20. Ng5 Qg7 21. Be2 Nc6 22. Rb1 Rc7 23. Rxh5 Rxh5 24. Bxh5 Nxe5 25. Qxe5 Qxe5 26. Nxf7+ Ke8 27. Nxe5 gxh5 28. Nxd7 Kxd7 29. Bf4 Bd6 30. Bxd6 Kxd6 31. Rb6+ 1/2-1/2